000
00236 a2200097 4500
001
13002
100
_a
Mor,T.S
245
_a
Utopia: revised Translation Backgrounds Criticism
260
_a
_b
W W Norton & Company
_c
090
_c
10006
_d
10006
942
_a
NUST-CAE
_c
M
_c
11
999
_c
248075
_d
248075